书目信息 |
| 题名: |
渗透检测
|
|
| 作者: | 胡学知 主编 | |
| 分册: | ||
| 出版信息: | 北京 中国劳动出版社 2007 |
|
| 页数: | 221页 | |
| 开本: | 26cm | |
| 丛书名: | ||
| 单 册: | ||
| 中图分类: | TG115.28 | |
| 科图分类: | ||
| 主题词: | 金属学 , 物理冶金学 | |
| 电子资源: | ||
| ISBN: | 978-7-5045-6125-1 | |
| 000 | 00588nam0 2200217 450 | |
| 001 | 246 | |
| 005 | 20160905101924.43 | |
| 010 | @a978-7-5045-6125-1@dCNY60.00 | |
| 100 | @a20160721d2007 km y0chiy0120 ea | |
| 101 | 0 | @achi |
| 102 | @aCN@b110000 | |
| 200 | 1 | @a渗透检测@Ashen tou jian ce@f胡学知主编@Fhu xue zhi zhu bian |
| 205 | @a2版 | |
| 210 | @a北京@c中国劳动出版社@d2007 | |
| 215 | @a221页@d26cm | |
| 606 | 0 | @a金属学 |
| 606 | 0 | @a物理冶金学 |
| 690 | @aTG115.28@v4 | |
| 701 | 0 | @a胡学知@Ahu xue zhi@4主编 |
| 801 | 0 | @aCN@b唐山师范学院图书馆@c20160721 |
| 905 | @aZUCC@dTG115.28@e53=2 | |
| 渗透检测/胡学知主编.-2版.-北京:中国劳动出版社,2007 |
| 221页;26cm |
| ISBN 978-7-5045-6125-1:CNY60.00 |
| ● |
| 相关链接 |
|
|
|
|
正题名:渗透检测
索取号:TG115.28/53=2
 
预约/预借
| 序号 | 登录号 | 条形码 | 馆藏地/架位号 | 状态 | 备注 |
| 1 | 901023 | 209010238 | 第二样本阅览室/ [索取号:TG115.28/53=2] | 在馆 | |
| 2 | 901024 | 209010247 | 第三借阅区/ [索取号:TG115.28/53=2] | 在馆 | |
| 3 | 901025 | 209010256 | 第三借阅区/ [索取号:TG115.28/53=2] | 在馆 | |
| 4 | 901026 | 209010265 | 第三借阅区/ [索取号:TG115.28/53=2] | 在馆 | |
| 5 | 901027 | 209010274 | 第三借阅区/ [索取号:TG115.28/53=2] | 在馆 |